Guía del lector del "Quijote" (Record no. 96105)

MARC details
000 -LEADER
campo de control de longitud fija 00639nam a2200205 i 4500
001 - NÚMERO DE CONTROL
campo de control 96105
003 - IDENTIFICADOR DE NÚMERO DE CONTROL
campo de control ES-MaACL
005 - FECHA Y HORA DE LA ÚLTIMA TRANSACCIÓN
campo de control 20230906181836.0
007 - CAMPO FIJO DE DESCRIPCIÓN FÍSICA--INFORMACIÓN GENERAL
campo de control de longitud fija t|
008 - DATOS DE LONGITUD FIJA--INFORMACIÓN GENERAL
campo de control de longitud fija 050610s1947 ag ||||1| spa d
100 1# - ENTRADA PRINCIPAL--NOMBRE DE PERSONA
Nombre de persona Madariaga, Salvador de,
Fechas asociadas al nombre 1886-1978
9 (RLIN) 75292
245 10 - MENCIÓN DEL TÍTULO
Título Guía del lector del "Quijote"
Resto del título : ensayo psicológico sobre El Quijote /
Mención de responsabilidad, etc. Salvador de Madariaga.
250 ## - MENCION DE EDICION
Mención de edición [3ª ed.].
260 ## - PUBLICACIÓN, DISTRIBUCIÓN, ETC.
Lugar de publicación, distribución, etc. Buenos Aires :
Nombre del editor, distribuidor, etc. Editorial Sudamericana,
Fecha de publicación, distribución, etc. 1947.
300 ## - DESCRIPCIÓN FÍSICA
Extensión 231 p. ;
Dimensiones 17 cm.
490 1# - MENCIÓN DE SERIE
Mención de serie Ensayos breves
830 0# - PUNTO DE ACCESO ADICIONAL DE SERIE-TÍTULO UNIFORME
Título uniforme Ensayos breves
9 (RLIN) 184041
852 ## - LOCALIZACIÓN
Ubicación ES-MaACL
Número de control de estantería E-1206
Sublocalización o colección R.27237
Holdings
Estatus retirado Estado de pérdida Estado de daño No para préstamo Biblioteca de origen Biblioteca actual Ubicación en estantería Fecha de adquisición Fuente de adquisición Total de préstamos Signatura topográfica completa Código de barras Visto por última vez Precio de reemplazo Tipo de ítem Koha
        Biblioteca del Ateneo de Madrid Biblioteca del Ateneo de Madrid Depósito 2 17/01/2008     E-1206 1100341 23/02/2023 23/02/2023 Libro impreso